000 00565nam a22001817a 4500
005 20240730155133.0
010 _aENG-141009
020 _c350.00
_a9789387871069
035 _aEN-124540
037 _bDBAD
082 _a371.102
100 _aSakthi,Om
_969107
245 _aTEACHING AND LEARNING PROCESS IN 21 CENTURY(TLP18)/
_cOm Sakthi
260 _aTamil Nadu
_bSHANLAX PUBLICATION
_c2018
270 _bTamil Nadu
_a61,66 T.P.K.Main Road Vasantha Nager Madurai
_e625003
300 _a176p.
_c24cm(pb)
942 _2ddc
_cEN
_h371.102
_mSAK
999 _c204649
_d204649